| 000 | 00799nam a22001817a 4500 | ||
|---|---|---|---|
| 008 | 100630t xxu||||| |||| 00| 0 eng d | ||
| 020 | _a9775421160 | ||
| 082 |
_222 _a379.62 _bت ع ل |
||
| 100 |
_915483 _aالبيلاوى, حسن |
||
| 245 |
_aتعليم الحق حق التعليم / _cتحرير عماد صيام ... وأخرون |
||
| 260 |
_aالقاهرة: _bمركز الدراسات والمعلومات القانونية لحقوق الإنسان, _c[1997]. |
||
| 300 |
_a138؛ص _c15 سم |
||
| 500 | _aDonations. | ||
| 500 | _aDonated By: Dr. Bassem. | ||
| 650 |
_915426 _aالتعليم -مصر |
||
| 942 |
_2ddc _cBB |
||
| 999 |
_c14297 _d14297 |
||